00000000nam##2200000za#4500
0019.662757
003CaOODSP
00520250319162504
007ta
008150407|2001||||xxc|||||     f|0| 0 eng|d
020 |a0-662-65705-5
022 |a1482-9770
040 |aCaOODSP|beng
041 |aeng
041 |afre
043 |an-cn---
0861 |aA21-44/2001
1101 |aCanada.|bAgriculture and Agri-Food Canada. |bPolicy Branch.
24510|aFarm income, financial conditions and government assistance : |bdata book
260 |aOttawa - Ontario : |bAgriculture and Agri-Food Canada. |c2001.
300 |aEnglish text, 92p. : |bgraphs, tables ; |c28 cm.
546 |aBilingual
563 |aSpiral binding
590 |a01-15|b2001-04-12
69007|aFarming|2gcpds
69007|aAgricultural assistance|2gcpds
69007|aEconomic indicators|2gcpds
7760#|tRevenu agricole, situation financière et aide gouvernementale : |w(CaOODSP)9.637693
7760#|tFarm income, financial conditions and government assistance : |w(CaOODSP)9.693515
792 |tRevenu agricole, situation financière et aide gouvernementale : |efre|w(CaOODSP)9.662758
986 |aPublication 2077/B